[Event "BLR-ch sf"]
[Site "Minsk"]
[Date "2023.12.09"]
[Round "3"]
[White "Babeikin, Kiryl"]
[Black "Darokhin, Dary"]
[Result "0-1"]
[WhiteElo "1550"]
[BlackElo "1328"]
[PlyCount "106"]
[EventDate "2023.12.07"]
[EventType "swiss"]
[EventRounds "9"]
[EventCountry "BLR"]
[SourceTitle "CB51_2023"]
[SourceDate "2023.12.20"]
[SourceVersion "1"]
[SourceVersionDate "2023.12.20"]
[SourceQuality "1"]

1. e4 c6 2. d4 d5 3. exd5 cxd5 4. Nf3 g6 5. Ne5 Bg7 6. Bb5+ Bd7 7. Nxd7 Nxd7 8. 0-0 a6 9. Be2 Ngf6 10. c3 0-0 11. Bf4 b5 12. Nd2 Qb6 13. a3 e6 14. Qb3 Nb8 15. a4 b4 16. Qxb4 Qxb4 17. cxb4 Nc6 18. Nf3 Nh5 19. Bd6 Rfd8 20. Bc5 Nf4 21. Bxa6 Rxa6 22. b5 Raa8 23. bxc6 Nd3 24. b4 Nxc5 25. dxc5 Bxa1 26. Rxa1 Rdb8 27. Rb1 Rxa4 28. c7 Rc8 29. b5 Rxc7 30. c6 Ra5 31. Ne5 Rca7 32. b6 Rb5 33. Rc1 Rxb6 34. g4 Rc7 35. g5 Rb8 36. Kf1 Rbc8 37. Ke2 Kf8 38. Ke3 Ke7 39. Kd4 Kd6 40. Rc3 Rxc6 41. Nxc6 Rxc6 42. Rh3 Rc2 43. Rf3 e5+ 44. Kd3 e4+ 45. Kxc2 exf3 46. Kd3 Ke5 47. Ke3 Kf5 48. Kd4 Kxg5 49. Kxd5 f5 50. Ke5 Kg4 51. h4 Kh3 52. Kf4 Kg2 53. Ke3 h5 0-1